Privatizáció Magyarországon. A tervtöl a piachoz vagy a tervtöl a klánhoz?

Reforma maďarskej ekonomiky od r. 1980. Spôsob a rozsah privatizačného programu až do súčanosti. Domáci versus zahraničný kapitál a vlastník. Inštitucionálny (resp. formálny) vlastník a skutočný vlastník. Koncentrácia vlastníkov a ich rozdrobenie. Protichodné vplyvy realizácie privatizácie a jej vpl...

Description complète

Enregistré dans:
Détails bibliographiques
Auteur principal: Stark, D.
Format: Chapitre de livre
Langue:hongrois
Sujets:
Tags: Ajouter un tag
Pas de tags, Soyez le premier à ajouter un tag!

MARC

LEADER 00000naa a2200000 4500
001 r006027
005 20221125113741.5
041 0 |a hun 
044 |a HU 
245 1 0 |a Privatizáció Magyarországon. A tervtöl a piachoz vagy a tervtöl a klánhoz?  |c D. Stark 
520 |a Reforma maďarskej ekonomiky od r. 1980. Spôsob a rozsah privatizačného programu až do súčanosti. Domáci versus zahraničný kapitál a vlastník. Inštitucionálny (resp. formálny) vlastník a skutočný vlastník. Koncentrácia vlastníkov a ich rozdrobenie. Protichodné vplyvy realizácie privatizácie a jej vplyv na ekonomickú obrodu v Maďarsku. Vytváranie veľkých klanov pri dražbách a nových spoločnostiach. 
610 2 0 |a privatizácia 
610 2 0 |a hospodárstvo trhové 
610 2 0 |a reformy hospodárske 
610 2 0 |a MR 
610 2 0 |a kapitál zahraničný 
610 2 0 |a vlastníctvo 
100 1 |a Stark, D.